ODPM review of aggregates provision (Record no. 70931)

MARC details
000 -LEADER
fixed length control field 01242cam a2200217 4500
001 - CONTROL NUMBER
control field WB3830-18
008 - FIXED-LENGTH DATA ELEMENTS--GENERAL INFORMATION
fixed length control field 020813n2002 000 0 eng u
035 ## - SYSTEM CONTROL NUMBER
System control number (Sirsi) u119305
245 ## - TITLE STATEMENT
Title ODPM review of aggregates provision
260 ## - PUBLICATION, DISTRIBUTION, ETC.
Date of publication, distribution, etc. 2002
490 ## - SERIES STATEMENT
Series statement Planning (for the Natural and Built Environment)
Volume/sequential designation (1481) 9 August 2002, 2(1)
520 ## - SUMMARY, ETC.
Summary, etc. ODPM restarts review of aggregates provision more than 18 months after it first began. The proposed figures will be 25% lower than current guidelines. ODPM says that the lower figures will lead to a fall in environmental impacts by cutting the rate at which new or current permissions are required. Head of natural resources at the Council for the Protection of Rural England attacked the figures arguing that large areas of the countryside lie vulnerable to quarrying. Draft National and Regional Guidelines for Aggregates Provision in England 2001-16 is available free from the ODPM t +44(0)20 7944 3852 and can be accessed at www.planning.haynet.com
590 ## - LOCAL NOTE (RLIN)
Local note WB
650 ## - SUBJECT ADDED ENTRY--TOPICAL TERM
Topical term or geographic name entry element ODPM
650 ## - SUBJECT ADDED ENTRY--TOPICAL TERM
Topical term or geographic name entry element MPG16
650 ## - SUBJECT ADDED ENTRY--TOPICAL TERM
Topical term or geographic name entry element COUNCIL FOR THE PROTECTION OF RURAL ENGLAND
650 ## - SUBJECT ADDED ENTRY--TOPICAL TERM
Topical term or geographic name entry element ENVIRONMENTAL IMPACT
650 ## - SUBJECT ADDED ENTRY--TOPICAL TERM
Topical term or geographic name entry element MINING INDUSTRY
690 ## - LOCAL SUBJECT ADDED ENTRY--TOPICAL TERM (OCLC, RLIN)
Topical term or geographic name as entry element MINING AND MINERALS
942 ## - ADDED ENTRY ELEMENTS (KOHA)
Suppress in OPAC 0
Holdings
Withdrawn status Lost status Source of classification or shelving scheme Damaged status Not for loan Home library Current library Shelving location Date acquired Total Checkouts Full call number Barcode Date last seen Copy number Price effective from Koha item type
    Dewey Decimal Classification     London London News article 13/08/2002   WB3830-18 119305-1001 06/08/2019 1 06/08/2019 News article